000 00285nam a2200109Ia 4500
008 190723s9999 xx 000 0 und d
100 _aM. Khalid Petiwala
245 0 _aNotes On Advanced Income Tax : Tax Year 2019
260 _aKarachi
_bPetiwala
_c2019
300 _a626:p
942 _cBK
999 _c1961
_d1961